| 000 | 00632nam a2200181Ia 4500 | ||
|---|---|---|---|
| 008 | 090123s9999 xx 000 0 und d | ||
| 082 | _b12683 | ||
| 100 | _aशेवडे गुरुजी | ||
| 245 | _aइंदिरा प्रियदर्शिनी | ||
| 250 | _a1 | ||
| 260 |
_bशिवसंस्कार प्रकाशन _c1984 |
||
| 300 | _a53 | ||
| 600 | _aशेवडे गुरुजी | ||
| 630 | _aइंदिरा प्रियदर्शिनी | ||
| 700 | _aशेवडे गुरुजी | ||
| 730 | _aइंदिरा प्रियदर्शिनी | ||
| 942 | _cBOOK | ||
| 999 |
_c50748 _d50748 |
||